Learn Microsoft Office 2000 (Record no. 9107)

MARC details
000 -LEADER
fixed length control field 00415nam a22001577a 4500
003 - CONTROL NUMBER IDENTIFIER
control field OSt
008 - FIXED-LENGTH DATA ELEMENTS--GENERAL INFORMATION
fixed length control field 201117b ||||| |||| 00| 0 eng d
022 ## - INTERNATIONAL STANDARD SERIAL NUMBER
International Standard Serial Number Busby Michael, Stultz Russell A
100 ## - MAIN ENTRY--PERSONAL NAME
Personal name Busby Michael, Stultz Russell A
245 ## - TITLE STATEMENT
Title Learn Microsoft Office 2000
250 ## - EDITION STATEMENT
Edition statement 1 ST
260 ## - PUBLICATION, DISTRIBUTION, ETC. (IMPRINT)
Place of publication, distribution, etc New Delhi
Name of publisher, distributor, etc BPB Publication
Date of publication, distribution, etc 2012
300 ## - PHYSICAL DESCRIPTION
Extent 638
650 ## - SUBJECT ADDED ENTRY--TOPICAL TERM
Topical term or geographic name as entry element B.Sc Computer Science
942 ## - ADDED ENTRY ELEMENTS (KOHA)
Source of classification or shelving scheme Dewey Decimal Classification
Koha item type Text Books
Holdings
Withdrawn status Lost status Source of classification or shelving scheme Damaged status Not for loan Collection code Home library Current library Date acquired Currency Cost, normal purchase price Bill Number Total Checkouts Acc. no. / Barcode Date last seen Actual Cost, discounted price Bill Date Koha item type
    Dewey Decimal Classification     B.Sc Computer Science PIET NCR College Library PIET NCR College Library 17/11/2020 IN Rupees 399.00 IN256   N36 17/11/2020 267.33 05/08/2020 Reference Books
    Dewey Decimal Classification     B.Sc Computer Science PIET NCR College Library PIET NCR College Library 17/11/2020 IN Rupees 399.00 IN256   N37 17/11/2020 267.33 05/08/2020 Text Books
    Dewey Decimal Classification     B.Sc Computer Science PIET NCR College Library PIET NCR College Library 17/11/2020 IN Rupees 399.00 IN256   N38 17/11/2020 267.33 05/08/2020 Text Books
    Dewey Decimal Classification     B.Sc Computer Science PIET NCR College Library PIET NCR College Library 17/11/2020 IN Rupees 399.00 IN256   N39 17/11/2020 267.33 05/08/2020 Text Books
    Dewey Decimal Classification     B.Sc Computer Science PIET NCR College Library PIET NCR College Library 17/11/2020 IN Rupees 399.00 IN256   N40 17/11/2020 267.33 05/08/2020 Text Books
    Dewey Decimal Classification     B.Sc Computer Science PIET NCR College Library PIET NCR College Library 17/11/2020 IN Rupees 399.00 IN256   N41 17/11/2020 267.33 05/08/2020 Text Books

Design & Developed by: PIET Central Library
R70 Miles Stone Pattikalyana Samalkha Panipat 132102
mail ID :- [email protected], Phone No:- 0180-2569700 Ex.216